Statistics for European land countries

Click here to take the quiz!

General Stats

  • This quiz has been taken 21 times
  • The average score is 5 of 5

Answer Stats

HintAnswer% Correct
EuropeIreland
100%
EuropeIceland
89%
EuropePoland
89%
EuropeSwitzerland
89%
EuropeFinland
84%

Score Distribution

Percentile by Number Answered

Percent of People with Each Score

Your Score History

You have not taken this quiz